Sporcle's Easiest Harry Potter (per Letter) II Quiz Stats

 Plays Quiz not verified by Sporcle

Support Sporcle.
Go Orange.
Score 0/24 Timer 03:00
0 Plays Today
Hint Answer % Correct
HHarry
97.9%
RRon
95.6%
AAlbus
93.7%
SSeverus
80%
GGinny
77.3%
FFred
76.3%
LLily
74.1%
DDraco
71.7%
MMolly
63.1%
JJames
53.7%
BBill
46.9%
XXenophilius
46.3%
Hint Answer % Correct
PPercy
45.2%
OOliver
37.3%
QQuirinus
36%
VVernon
33.7%
NNarcissa
33.4%
KKendra
31.7%
CCharlie
28.5%
IIgor
26.7%
EErnie
24.9%
ZZacharias
23.4%
TTed
11.9%
WWilhelmina
10.9%

You're not logged in!

Compare scores with friends on all Sporcle quizzes.
OR
Log In

From the Vault

Hidden Elements - Solar System

by brimtown

This quiz is out of this world.
Remove Ads.
Support Sporcle.
Get the best of Sporcle when you Go Orange. This ad-free experience offers more features, more stats, and more fun while also helping to support Sporcle. Thank you for becoming a member.

Show Comments

Extras

Top Quizzes Today


Score Distribution

Your Account Isn't Verified!

In order to create a playlist on Sporcle, you need to verify the email address you used during registration. Go to your Sporcle Settings to finish the process.

Report this User

Report this user for behavior that violates our Community Guidelines.

Details: